000
00242nam a2200109Ia 4500
008
190913s9999||||xx |||||||||||||| ||und||
100
_a
Bolton,Fintan
245
0
_a
Pure Corba
260
_a
USA
_b
McGraw Hill
_c
1999
300
_a
317
942
_c
BK
999
_c
8177
_d
8177